00313nam a2200121Ia 45000030006000000080041000060400015000471000030000622450061000922600009001535460012001620050017001740STCL150530s9999 xx 000 0 und d aSTCLcSTCL aDryden; George Watson; Ed aDryden of dramatic poesy and other critical essays vol-1 c1971 aEnglish20220125170832.0